LEADER 01143nam a2200217 4500 001 000000359423 003 CaOOAMICUS 005 20240820115959.0 008 240820s1830 it 000 u ita r 026 $eredi a.re cae- stfo (7) 1830 (R) 040 $aSeMil$bita 245 10$aCompendio storico sull'origine, progresso e stato attuale del nuovo stabilimento di beneficenza e di religiosa carità ossia ospitale eretto nel locale di Sant'Ambrogio ad Nemus, con una breve apologia. 264 1$aMilano :$bCo' tipi di Omobono Manini,$c1830. 300 $a50, [4] p. ;$c8° 700 1 $aManini, Omobono,$c.$0(OLS)http://semarc/name/14804 850 $aSeMil 852 $aSeMil$W1$xVenegono$y1$m3Z VI 8/6 FA$j250361$B250508$CSeMilBibl$Z2$F250508 $8I 941 1 $a10 996 $6245$aCompendio storico sull'origine, progresso e stato attuale del nuovo stabilimento di beneficenza e di religiosa carità ossia ospitale eretto nel locale di Sant'Ambrogio ad Nemus, con una breve apologia$9(OLS)http://semarc/title/449873 996 $6264$aMilano :$bCo' tipi di Omobono Manini$9(OLS)http://semarc/publisher/61901 LEADER 01168nam a2200253 4500 001 000000330759 003 CaOOAMICUS 005 20250217120425.0 008 181017s2011 gw 000 u ger r 020 $a978-3-402-10426-2 040 $aSeMil$bita 100 1 $aMandreoli, Fabrizio,$d<1972- >.$0(OLS)http://semarc/name/77205 245 13$aLa teologia della fede nel De sacramentis christiane fidei di Ugo di San Vittore /$cFabrizio Mandreoli. 264 1$aMünster :$bAschendorff,$c2011. 300 $a510 p. ;$c24 cm 490 1 $aCorpus Victorinum. Instrumenta ;$v4 600 04$aUgo : di San Vittore <1096-1141>.$0(OLS)http://semarc/subject/11343 830 0$aCorpus Victorinum. Instrumenta ;$v4.$0(OLS)http://semarc/title/419254 850 $aSeMil 852 $aSeMil$W1$xVenegono$y1$m2T VI 1$j231877$B224690$CSeMilBibl$Z2$F224690 $81 996 $6020$a978-3-402-10426-2$9(OLS)http://semarc/number/285399 996 $6245$aLa teologia della fede nel De sacramentis christiane fidei di Ugo di San Vittore$9(OLS)http://semarc/title/421623 996 $6264$aMünster :$bAschendorff$9(OLS)http://semarc/publisher/29674